To Teach your Baby Read and Write (Record no. 90887)

MARC details
000 -LEADER
fixed length control field 00469nam a2200181Ia 4500
008 - FIXED-LENGTH DATA ELEMENTS--GENERAL INFORMATION
fixed length control field 230125s9999 xx 000 0 und d
020 ## - INTERNATIONAL STANDARD BOOK NUMBER
International Standard Book Number 81-87810-05-X
041 ## - LANGUAGE CODE
Language code of text/sound track or separate title eng
082 ## - DEWEY DECIMAL CLASSIFICATION NUMBER
Classification number 306.874
Item number DOM
100 ## - MAIN ENTRY--PERSONAL NAME
Personal name Doman G
9 (RLIN) 113643
245 ## - TITLE STATEMENT
Title To Teach your Baby Read and Write
260 ## - PUBLICATION, DISTRIBUTION, ETC. (IMPRINT)
Date of publication, distribution, etc. 2002
Name of publisher, distributor, etc. Mini Book Pub.
Place of publication, distribution, etc. Meerut
300 ## - PHYSICAL DESCRIPTION
Extent 205p
500 ## - GENERAL NOTE
Keywords General;Children;Child Development
650 ## - SUBJECT ADDED ENTRY--TOPICAL TERM
Topical term or geographic name as entry element General
700 ## - ADDED ENTRY--PERSONAL NAME
Personal name Doman G
9 (RLIN) 113643
Holdings
Withdrawn status Lost status Damaged status Not for loan Home library Current library Date acquired Vendor Cost, normal purchase price Total Checkouts Full call number Barcode Date last seen Cost, replacement price Bill Date Koha item type Original Barcode
        Smt. Hiraben Nanavati Institute of Management & Research for Women Smt. Hiraben Nanavati Institute of Management & Research for Women 20/03/2013 Popular Book House 40.00   306.874 DOM B11887 HIMR-BK-11887 25/01/2023 40.00 06/03/2013 Books B11887